| 000 | 00641nam a22002057a 4500 | ||
|---|---|---|---|
| 999 |
_c4768 _d4768 |
||
| 003 | AR-CdUCM | ||
| 008 | 190311b ||||| |||| 00| 0 spa d | ||
| 040 |
_aMUNICIPALIDAD PROVINCIAL DEL CUSCO _cBIBLIOTECA MUNICIPAL DEL CUSCO |
||
| 082 |
_a869.56 / _bG66 |
||
| 100 |
_aGonzález Viaña, Eduardo _9194 |
||
| 245 | _aBatalla de Felipe en la Casa de Palomas / | ||
| 260 |
_aBuenos Aires : _bLosada ; _c1970. |
||
| 300 |
_a109 páginas ; _c20cm |
||
| 440 |
_aColección Novelistas de Nuestra Época _99613 |
||
| 505 | _aContenido: Novela | ||
| 650 |
_aNovela peruana _9234 |
||
| 650 |
_aSiglo XX _98 |
||
| 942 |
_2ddc _cLIBROS |
||
| 945 | _anom | ||